000 01097cam a22003377a 4500
003 CHAP
005 20220329134429.0
008 971013s1970 r 00010 d
010 _a20390
011 _a21362
035 _a25452
040 _cCHAP
082 _a335.4
_bD63Y
100 0 0 _aDobb, Maurice Herbert.
_933134
245 1 3 _aEl cálculo económico en una economía socialista
260 _aBarcelona :
_bAriel,
_c1970
300 _a157 p.
490 0 _aAriel quincenal
_v; 33
590 _aBATCH-UPD
_b10
_c20130110
_lUCH01
_h1002
590 _aBATCH-UPD
_b10
_c20130410
_lUCH01
_h0613
590 _aBATCH-UPD
_b10
_c20130914
_lUCH01
_h1218
590 _aCONVERSION
_b10
_c20130109
_lUCH01
_h1312
650 1 4 _aEconomía.
_935226
650 1 4 _aSocialismo.
_9108040
830 0 _aAriel quincenal
_v; 33
_97096
901 _aBK
942 _cLIBRO
949 _a335.4 D63Y
_bBC
_cLIBRO
_d33724000359063
_eLIBRO
_fc.3
_h60707
_i25452
_si
949 _a335.4 D63Y
_bBC
_cLIBRO
_d33724000359071
_eLIBRO
_fc.2
_h60706
_i25452
_si
949 _a335.4 D63Y
_bBC
_cLIBRO
_d33724000359089
_eLIBRO
_h60705
_i25452
_si
999 _c20390
_d20390